000 nam a22 7a 4500
999 _c10573
_d10573
008 180219b ||||| |||| 00| 0 eng d
100 _aKumar,R.
_96474
245 _aHands on Experiments in Science-IX
260 _aNew Delhi
_bSandipani